000 01071nam a2200241Ia 4500
003 Ost
005 20260507074924.0
008 260507s9999||||xx |||||||||||||| ||und||
040 _cfsecg
041 _aara
082 _a658.57
100 _aنجم، عبود نجم
_eمؤلف
245 0 _aمدخل إلى إدارة العمليات /
_c عبود نجم نجم
260 _aعمان:
_bدار المناهج,
_c2007
300 _a463 صفحة؛
_bإيضاحات ؛
_c25 سم
504 _aببليوغرافيا: ص.461
520 _aادارة العمليات، المنتج، الموقع، التنظيم الداخلي للمصنع، التنبؤ، التخطيط الاجمالي، جودة الانتاج، نماذج المخزون، تخطيط الاحتياجات من المواد، نظام انتاج الوقت المحدد، تكنولوجيا الانتاج المثلى، الجودة
653 _aادارة الاعمال
653 _aالانتاج
653 _aالتخطيط
653 _aضبط الجودة
942 _cكتاب
999 _c41816
_d41816